MARC

LEADER 00000nam0a2200000 4500
001 370354
005 20231102012255.0
035 |a (RuTPU)RU\TPU\retro\27762 
090 |a 370354 
100 |a 20220624d1977 k y0rusy50 ca 
101 0 |a rus 
102 |a RU 
105 |a a z 001zy 
200 1 |a Новые методы очистки природных и промышленных вод  |e межвузовский тематический сборник трудов  |f Куйбышевский государственный университет 
210 |a Куйбышев  |c [Б. и.]  |d 1977 
215 |a 128 с.  |c ил. 
320 |a Библиография в конце статей 
606 1 |a Воды природные  |x Очистка  |2 stltpush  |3 (RuTPU)RU\TPU\subj\3220  |9 31671 
606 1 |a Сточные воды промышленные  |x Очистка в целом  |2 stltpush  |3 (RuTPU)RU\TPU\subj\57171  |9 75035 
610 1 |a оборотные воды 
610 1 |a очистные технологии 
610 1 |a интенсификация 
610 1 |a методы 
610 1 |a изыскания 
610 1 |a исследование 
610 1 |a водопроводные кольцевые системы 
675 |a 628.16  |v 4 
675 |a 628.31.034.2  |v 4 
712 0 2 |a Куйбышевский государственный университет  |c (1966-1991)  |2 stltpush  |3 (RuTPU)RU\TPU\col\9904  |9 24761 
801 1 |a RU  |b 63413507  |c 20220624 
801 2 |a RU  |b 63413507  |c 20220624  |g RCR 
942 |c BK